000 01420ngm a22002890a 4500
001 PT38770
003 AR-LpoUNG
005 20210202000532.0
007 vd cvaizq
008 191001s1979||||ag |||||||||||||||||spa d
037 _c$11.25
040 _aAR-LpoUNG
_bspa
_cAR-LpoUNG
_eaacr
041 _aspa
044 _aag
082 0 _a305.8 243mue
100 1 _aSarquis, Nicolás
_edir.
245 1 3 _aLa muerte de Sebastián Arache y su pobre entierro
260 _aBuenos Aires :
_bBlackman,
_c1979.
300 _aDVD (100 min.) : son., col.
505 0 _aHecha en 1977. - Publicada en 1983. Prohibida para menores de 14 años.
520 _aUna leyenda de maldiciones y muerte en un desierto austero y seco donde la lluvia no caerá. El relato se centra en las vivencias y la miseria de un indígena que encuentra la muerte al promediar el filme. Los tempos muertos y la morosidad del relato operan como fundamento estilístico de este indispensable filme nacional qu se rodó en Patquía, La Rioja. Su filmación se prolongó durante 5 años debido a la muerte de su protagonista. Luego, la censura militar prohibió que se estrenara en Argentina, aunque participó de numerosos festivales internacionales, incluido en Festval de Cannes. Finalmente vió la luz en Argentina en 1983.
650 4 _aDRAMA
653 _aCINE ARGENTINO
653 _aPOBLACION INDIGENA
905 _a38770
942 _cDVD
999 _c55083
_d55083